| 000 | 01118nam a2200337 c 4500 | ||
|---|---|---|---|
| 001 | 14419 | ||
| 003 | ES-MaCES | ||
| 005 | 20141221122316.0 | ||
| 008 | 021219s2002 sp t 000 | spa d | ||
| 017 |
_aV 3702-2002 _bDL |
||
| 020 | _a8484426890 | ||
| 035 | _aCES20020016377m | ||
| 040 |
_aES-MaCES _bspa _cES-MaCES |
||
| 245 | 0 | 0 |
_aLecciones de derechos sociales _ccoordinadores, María José Añón Roig, José García Añón ; autores, María José Añón Roig ... [et al.] |
| 260 |
_aValencia _bTirant lo Blanch _c2002 |
||
| 300 |
_a326 p. _c24 cm |
||
| 490 | 1 | _aManuales | |
| 504 | _aBibliografía | ||
| 541 | _cCompra | ||
| 650 | 4 |
_aderechos humanos _927171 |
|
| 650 | 4 |
_aderechos económicos y sociales _929875 |
|
| 650 | 4 |
_aEstado-Benefactor _929481 |
|
| 653 | 1 | 0 | _aAsuntos Sociales |
| 700 | 1 |
_aAñón Roig, María José _96377 |
|
| 700 | 1 |
_aAñón Roig, María José _ecol. _96377 |
|
| 700 | 1 |
_aGarcía Añón, José _ecol. _912764 |
|
| 830 | 0 |
_aManuales (Tirant lo Blanch (Firma)) _933478 |
|
| 902 | _aLIB Libro | ||
| 942 |
_2CES _cBK _h3.3. |
||
| 999 |
_c14419 _d14419 |
||